Mot mystérieux - Série 49 - Statistiques

Statistiques générales
  • Ce quiz a été pris 63 fois
  • Le résultat moyen est 5 sur 10
Statistiques - réponses
Indices Mot % Correct
blonde - blanche - brune - gueuze bière
90%
dos - papillon - crustacé - indienne nage
84%
pied - rose - dorsale - christ épine
70%
mouvement - bain - fendre - sentimentale foule
64%
pied - chantier - demoiselle - bec grue
38%
chien - blanche - porcine - jaune race
36%
point - ligne - oeuf - jalon mire
30%
chaussure - montagne - espagnolette - passe lacet
18%
poisson - mur - nez - gorge arete
16%
jardin - atomique - regards - galant abri
8%
Aucun quiz correspondant
Distribution des résultats
% des personnes avec chaque résultat
Percentile par nombre de réponses
Votre historique - résultats
Vous n’avez pas pris ce quiz